Statistiques concernant La Microscopie à Fluorescence

Cliquez ici pour prendre le quiz!

Statistiques générales

  • Ce quiz a été pris 7 fois
  • Le résultat moyen est 3 sur 10

Statistiques - réponses

QuestionsRéponses% Correct
Dans quel domaine la microscopie à fluorescence est-elle utilisé ?Biologie / Biologie cellulaire / Médecine / Recherche biomédicale / Neurosciences / Biotechnologie
83%
Que va émettre une molécule afin de passer à un état excité à un état fondamental ?Un photon
67%
Comment appelle t-on les colorants fluorescents utilisés pour marquer des protéines, des tissus et des cellules afin de les examiner par microscopie à fluorescence ?Des fluorochromes
33%
Et l'énergie renvoyée ?Energie d'émission
33%
Comment appelle t-on l'énergie absorbée par les fluorochromes ?Energie d'excitation
17%
A quoi correspondent les lettres de la protéine appelée "GFP" ?Green Fluorescent Protein
17%
Quelle propriété permet à certains corps ou molécules d'émettre de la lumière après avoir été excités par une lumière d'énergie supérieure ?
La fluorescence
17%
Comment appelle t-on le type de microscope qui éclaire tout l'échantillon ?Microscope à champ large
0%
Comment appelle t-on le type de microscope qui uniquement une partie de l'échantillon ?Microscope confocal
0%
Quel type de microscope offre une résolution plus élevée ?Microscope confocal
0%

Distribution des résultats

Percentile par nombre de réponses

% des personnes avec chaque résultat

Votre développement - résultats

Vous n’avez pas pris ce quiz